Falsafah alam semesta di nusantara / (Record no. 386)
[ view plain ]
| 000 -LEADER | |
|---|---|
| fixed length control field | nam a22 a 4500 |
| 003 - CONTROL NUMBER IDENTIFIER | |
| control field | AKMAL |
| 005 - DATE AND TIME OF LATEST TRANSACTION | |
| control field | 20170503153806.0 |
| 008 - FIXED-LENGTH DATA ELEMENTS--GENERAL INFORMATION | |
| fixed length control field | 170503s1999 my 00 may d |
| 020 ## - INTERNATIONAL STANDARD BOOK NUMBER | |
| International Standard Book Number | 9676109827 (kkt. ): |
| Terms of availability | RM16.00 |
| 040 ## - CATALOGING SOURCE | |
| Original cataloging agency | AKMAL |
| 082 04 - DEWEY DECIMAL CLASSIFICATION NUMBER | |
| Classification number | 113 ABD |
| Edition number | 21 |
| 090 00 - LOCALLY ASSIGNED LC-TYPE CALL NUMBER (OCLC); LOCAL CALL NUMBER (RLIN) | |
| Classification number (OCLC) (R) ; Classification number, CALL (RLIN) (NR) | 113 |
| Local cutter number (OCLC) ; Book number/undivided call number, CALL (RLIN) | ABD |
| 100 0# - MAIN ENTRY--PERSONAL NAME | |
| Personal name | Abdul Rahman Abdullah |
| 9 (RLIN) | 876 |
| 245 10 - TITLE STATEMENT | |
| Title | Falsafah alam semesta di nusantara / |
| Statement of responsibility, etc. | Abdul Rahman Abdullah |
| 260 ## - PUBLICATION, DISTRIBUTION, ETC. | |
| Place of publication, distribution, etc. | Kuala Lumpur : |
| Name of publisher, distributor, etc. | Utusan Publications & Distributors, |
| Date of publication, distribution, etc. | 1999 |
| 300 00 - PHYSICAL DESCRIPTION | |
| Extent | viii, 135ms. : |
| Other physical details | il. ; |
| Dimensions | 22cm |
| 650 #0 - SUBJECT ADDED ENTRY--TOPICAL TERM | |
| Topical term or geographic name entry element | Cosmology |
| General subdivision | Philosophy |
| -- | Malay Archipelago |
| 9 (RLIN) | 877 |
| 942 ## - ADDED ENTRY ELEMENTS (KOHA) | |
| Source of classification or shelving scheme | |
| Koha item type | Book |
| Withdrawn status | Lost status | Source of classification or shelving scheme | Damaged status | Not for loan | Collection code | Home library | Current library | Shelving location | Date acquired | Inventory number | Total Checkouts | Full call number | Barcode | Date last seen | Price effective from | Koha item type |
|---|---|---|---|---|---|---|---|---|---|---|---|---|---|---|---|---|
| NON-FICTION | AKMAL Melaka | AKMAL Melaka | PINJAMAN | 03.05.2017 | 100359 | 113 ABD | 201701276 | 03.05.2017 | 03.05.2017 | Book |
